| 000 | 00651nam a22001575i 4500 | ||
|---|---|---|---|
| 001 | 173922 | ||
| 003 | ES-MaACL | ||
| 005 | 20250909203613.0 | ||
| 008 | 100129s1839 sp |||| | spa d | ||
| 245 | 0 | 0 |
_aDiana de Chivri _b: drama en cinco actos / _ctraducido por Gaspar Fernando Coll. |
| 260 |
_aMadrid : _b[s.n.], _c1839 ( _fImp. de Yenes) |
||
| 300 |
_a72 p. ; _c17 cm. |
||
| 700 | 1 |
_aColl, Gaspar Fernando, _d1826-1855 _9126538 |
|
| 852 |
_aES-MaACL _jF-8629(3) _z.- Enc. pasta española _q.- Falto de la cub. original _z.- Enc. en un vol. facticio formando parte de la col. facticia "Teatro español moderno", vol. 84 |
||
| 999 |
_c173922 _d173922 |
||